[Event "DVM U12 2022"]
[Site "München GER"]
[Date "2022.12.29"]
[Round "5"]
[White "Klein, Deniz"]
[Black "Kalinin, Alexej"]
[Result "1-0"]
[Termination "normal"]
[Board "3.3"]
[WhiteElo "1362"]
[BlackElo "1330"]
[WhiteClock "01:03:44"]
[BlackClock "00:32:03"]
[WhiteTeam "SG Kaiserslautern 1905"]
[BlackTeam "SSV Vimaria 91 Weimar"]
[PlyCount "91"]
[WhiteFideId "34611282"]
[BlackFideId "34617167"]
[EventCountry "GER"]
[EventRounds "7"]
[EventType "team-swiss"]
[EventDate "2022.12.26"]

1. c4 {[%clk 01:30:58]} {[%emt 00:00:01]} e5 {[%clk 01:28:50]} {[%emt
00:02:10]} 2. g3 {[%clk 01:31:11]} {[%emt 00:00:17]} d6 {[%clk 01:28:12]}
{[%emt 00:01:08]} 3. Bg2 {[%clk 01:31:03]} {[%emt 00:00:38]} Ne7 {[%clk
01:26:27]} {[%emt 00:02:15]} 4. Nc3 {[%clk 01:30:18]} {[%emt 00:01:15]} Nbc6
{[%clk 01:25:32]} {[%emt 00:01:25]} 5. e3 {[%clk 01:29:18]} {[%emt 00:01:30]}
Be6 {[%clk 01:17:17]} {[%emt 00:08:46]} 6. b3 {[%clk 01:24:34]} {[%emt
00:05:15]} Qd7 {[%clk 01:16:03]} {[%emt 00:01:43]} 7. d4 {[%clk 01:21:39]}
{[%emt 00:03:25]} exd4 {[%clk 01:13:06]} {[%emt 00:03:27]} 8. exd4 {[%clk
01:22:01]} {[%emt 00:00:07]} d5 {[%clk 01:12:25]} {[%emt 00:01:11]} 9. Nge2
{[%clk 01:18:00]} {[%emt 00:04:31]} dxc4 {[%clk 01:07:26]} {[%emt 00:05:29]}
10. d5 {[%clk 01:14:42]} {[%emt 00:03:49]} cxb3 {[%clk 01:00:36]} {[%emt
00:07:20]} 11. dxe6 {[%clk 01:13:40]} {[%emt 00:01:32]} Qxd1 {[%clk 01:00:49]}
{[%emt 00:00:16]} 12. Nxd1 {[%clk 01:13:59]} {[%emt 00:00:10]} bxa2 {[%clk
01:00:50]} {[%emt 00:00:29]} 13. exf7 {[%clk 01:14:14]} {[%emt 00:00:15]} Kxf7
{[%clk 01:00:35]} {[%emt 00:00:45]} 14. O-O {[%clk 01:13:15]} {[%emt 00:01:29]}
Rb8 {[%clk 00:57:37]} {[%emt 00:03:28]} 15. Rxa2 {[%clk 01:13:26]} {[%emt
00:00:19]} a6 {[%clk 00:55:55]} {[%emt 00:02:13]} 16. Bf4 {[%clk 01:13:35]}
{[%emt 00:00:20]} Rc8 {[%clk 00:55:34]} {[%emt 00:00:51]} 17. Bh3 {[%clk
01:12:34]} {[%emt 00:01:30]} Ra8 {[%clk 00:53:14]} {[%emt 00:02:50]} 18. Bxc7
{[%clk 01:12:17]} {[%emt 00:00:48]} Nd5 {[%clk 00:53:18]} {[%emt 00:00:26]} 19.
Bf4 {[%clk 01:11:48]} {[%emt 00:01:00]} Nxf4 {[%clk 00:52:11]} {[%emt
00:01:36]} 20. Nxf4 {[%clk 01:12:10]} {[%emt 00:00:08]} Re8 {[%clk 00:48:01]}
{[%emt 00:04:40]} 21. Rb2 {[%clk 01:10:48]} {[%emt 00:01:51]} Na5 {[%clk
00:41:18]} {[%emt 00:07:14]} 22. Nc3 {[%clk 01:07:21]} {[%emt 00:03:57]} g5
{[%clk 00:39:48]} {[%emt 00:01:59]} 23. Nfd5 {[%clk 01:03:14]} {[%emt
00:04:38]} Bg7 {[%clk 00:39:08]} {[%emt 00:01:09]} 24. Ra1 {[%clk 01:00:01]}
{[%emt 00:03:44]} Bxc3 {[%clk 00:37:16]} {[%emt 00:02:22]} 25. Nxc3 {[%clk
01:00:22]} {[%emt 00:00:10]} Re5 {[%clk 00:36:55]} {[%emt 00:00:50]} 26. Bg2
{[%clk 01:00:13]} {[%emt 00:00:39]} Rb8 {[%clk 00:35:57]} {[%emt 00:01:27]} 27.
Bd5 {[%clk 01:00:24]} {[%emt 00:00:19]} Rxd5 {[%clk 00:33:52]} {[%emt
00:02:35]} 28. Nxd5 {[%clk 01:00:45]} {[%emt 00:00:09]} Nc4 {[%clk 00:34:13]}
{[%emt 00:00:09]} 29. Rb4 {[%clk 00:59:49]} {[%emt 00:01:25]} Nd6 {[%clk
00:31:52]} {[%emt 00:02:50]} 30. Rxa6 {[%clk 00:59:55]} {[%emt 00:00:24]} bxa6
{[%clk 00:29:53]} {[%emt 00:02:30]} 31. Rxb8 {[%clk 01:00:15]} {[%emt
00:00:10]} a5 {[%clk 00:29:58]} {[%emt 00:00:25]} 32. Ra8 {[%clk 01:00:20]}
{[%emt 00:00:25]} Nc4 {[%clk 00:30:18]} {[%emt 00:00:11]} 33. Ne3 {[%clk
01:00:18]} {[%emt 00:00:31]} Nxe3 {[%clk 00:30:23]} {[%emt 00:00:24]} 34. fxe3
{[%clk 01:00:43]} {[%emt 00:00:06]} Kg6 {[%clk 00:30:47]} {[%emt 00:00:06]} 35.
Rxa5 {[%clk 01:01:06]} {[%emt 00:00:08]} h6 {[%clk 00:30:50]} {[%emt 00:00:27]}
36. g4 {[%clk 01:01:26]} {[%emt 00:00:10]} h5 {[%clk 00:30:20]} {[%emt
00:01:00]} 37. h3 {[%clk 01:01:31]} {[%emt 00:00:25]} hxg4 {[%clk 00:30:29]}
{[%emt 00:00:21]} 38. hxg4 {[%clk 01:01:55]} {[%emt 00:00:06]} Kf6 {[%clk
00:30:52]} {[%emt 00:00:07]} 39. Rf5 {[%clk 01:02:03]} {[%emt 00:00:22]} Kg6
{[%clk 00:30:36]} {[%emt 00:00:45]} 40. e4 {[%clk 01:02:22]} {[%emt 00:00:11]}
Kg7 {[%clk 00:30:21]} {[%emt 00:00:45]} 41. e5 {[%clk 01:02:41]} {[%emt
00:00:12]} Kg6 {[%clk 00:30:45]} {[%emt 00:00:06]} 42. e6 {[%clk 01:03:04]}
{[%emt 00:00:07]} Kg7 {[%clk 00:31:11]} {[%emt 00:00:04]} 43. e7 {[%clk
01:03:30]} {[%emt 00:00:04]} Kh6 {[%clk 00:31:29]} {[%emt 00:00:12]} 44. e8=Q
{[%clk 01:03:45]} {[%emt 00:00:15]} Kg7 {[%clk 00:31:45]} {[%emt 00:00:14]} 45.
Rf7 {[%clk 01:03:44]} {[%emt 00:00:31]} Kg6 {[%clk 00:32:03]} {[%emt 00:00:12]}
46. Qe6# {[%emt 00:00:13]} 1-0

[Event "DVM U12 2022"]
[Site "München GER"]
[Date "2022.12.29"]
[Round "5"]
[White "Türel, Tugrul"]
[Black "Mandalka, Justus"]
[Result "1/2-1/2"]
[Termination "normal"]
[Board "4.1"]
[WhiteElo "1605"]
[BlackElo "1484"]
[WhiteClock "00:02:31"]
[BlackClock "00:27:15"]
[WhiteTeam "SF München"]
[BlackTeam "SK Bad Homburg 1927"]
[PlyCount "127"]
[WhiteFideId "26338408"]
[BlackFideId "16298144"]
[EventCountry "GER"]
[EventRounds "7"]
[EventType "team-swiss"]
[EventDate "2022.12.26"]

1. e4 {[%clk 01:30:56]} {[%emt 00:00:04]} c5 {[%clk 01:30:56]} {[%emt
00:00:04]} 2. Nf3 {[%clk 01:31:22]} {[%emt 00:00:04]} Nc6 {[%clk 01:31:22]}
{[%emt 00:00:04]} 3. c4 {[%clk 01:31:47]} {[%emt 00:00:04]} g6 {[%clk
01:31:44]} {[%emt 00:00:08]} 4. d4 {[%clk 01:32:03]} {[%emt 00:00:14]} cxd4
{[%clk 01:32:10]} {[%emt 00:00:04]} 5. Nxd4 {[%clk 01:32:30]} {[%emt 00:00:03]}
Bg7 {[%clk 01:32:35]} {[%emt 00:00:05]} 6. Be3 {[%clk 01:32:56]} {[%emt
00:00:05]} Nf6 {[%clk 01:32:38]} {[%emt 00:00:27]} 7. Nc3 {[%clk 01:33:20]}
{[%emt 00:00:05]} d6 {[%clk 01:33:03]} {[%emt 00:00:05]} 8. Be2 {[%clk
01:33:46]} {[%emt 00:00:05]} O-O {[%clk 01:33:28]} {[%emt 00:00:05]} 9. O-O
{[%clk 01:34:11]} {[%emt 00:00:05]} Bd7 {[%clk 01:33:51]} {[%emt 00:00:07]} 10.
Qd2 {[%clk 01:34:36]} {[%emt 00:00:04]} Nxd4 {[%clk 01:34:05]} {[%emt
00:00:16]} 11. Bxd4 {[%clk 01:35:02]} {[%emt 00:00:04]} Bc6 {[%clk 01:34:30]}
{[%emt 00:00:06]} 12. f3 {[%clk 01:35:28]} {[%emt 00:00:03]} Nd7 {[%clk
01:34:36]} {[%emt 00:00:24]} 13. Be3 {[%clk 01:35:52]} {[%emt 00:00:06]} a5
{[%clk 01:34:59]} {[%emt 00:00:07]} 14. b3 {[%clk 01:36:02]} {[%emt 00:00:20]}
Nc5 {[%clk 01:35:23]} {[%emt 00:00:05]} 15. Rab1 {[%clk 01:36:23]} {[%emt
00:00:09]} e6 {[%clk 01:35:06]} {[%emt 00:00:48]} 16. Rfd1 {[%clk 01:36:39]}
{[%emt 00:00:15]} Be5 {[%clk 01:35:20]} {[%emt 00:00:16]} 17. g3 {[%clk
01:37:04]} {[%emt 00:00:05]} Qe7 {[%clk 01:33:27]} {[%emt 00:02:22]} 18. Nb5
{[%clk 01:35:12]} {[%emt 00:02:22]} Rad8 {[%clk 01:31:56]} {[%emt 00:02:01]}
19. Qxa5 {[%clk 01:29:52]} {[%emt 00:05:48]} Bxb5 {[%clk 01:21:52]} {[%emt
00:10:35]} 20. Qxb5 {[%clk 01:26:31]} {[%emt 00:03:52]} Bg7 {[%clk 01:14:11]}
{[%emt 00:08:11]} 21. b4 {[%clk 01:21:36]} {[%emt 00:05:24]} Na6 {[%clk
01:12:32]} {[%emt 00:02:10]} 22. f4 {[%clk 01:13:11]} {[%emt 00:08:55]} d5
{[%clk 01:06:12]} {[%emt 00:06:51]} 23. e5 {[%clk 01:04:48]} {[%emt 00:08:51]}
dxc4 {[%clk 01:05:53]} {[%emt 00:00:50]} 24. Qxc4 {[%clk 01:03:42]} {[%emt
00:01:36]} Rc8 {[%clk 01:04:33]} {[%emt 00:01:49]} 25. Qe4 {[%clk 01:02:22]}
{[%emt 00:01:50]} Rfd8 {[%clk 00:55:28]} {[%emt 00:09:35]} 26. Bxa6 {[%clk
00:54:57]} {[%emt 00:07:55]} Rxd1 {[%clk 00:54:57]} {[%emt 00:01:02]} 27. Rxd1
{[%clk 00:55:19]} {[%emt 00:00:08]} bxa6 {[%clk 00:55:24]} {[%emt 00:00:03]}
28. Bc5 {[%clk 00:55:43]} {[%emt 00:00:06]} Qc7 {[%clk 00:55:17]} {[%emt
00:00:37]} 29. Qd3 {[%clk 00:50:32]} {[%emt 00:05:39]} Bf8 {[%clk 00:40:31]}
{[%emt 00:15:18]} 30. Rc1 {[%clk 00:45:05]} {[%emt 00:05:56]} a5 {[%clk
00:37:36]} {[%emt 00:03:26]} 31. Qa6 {[%clk 00:44:11]} {[%emt 00:01:23]} axb4
{[%clk 00:37:18]} {[%emt 00:00:48]} 32. Be3 {[%clk 00:44:37]} {[%emt 00:00:04]}
Qxc1 {[%clk 00:37:44]} {[%emt 00:00:05]} 33. Bxc1 {[%clk 00:45:00]} {[%emt
00:00:08]} Rxc1 {[%clk 00:38:12]} {[%emt 00:00:02]} 34. Kg2 {[%clk 00:44:52]}
{[%emt 00:00:37]} Rc2 {[%clk 00:38:31]} {[%emt 00:00:11]} 35. Kf3 {[%clk
00:32:15]} {[%emt 00:13:07]} Rxh2 {[%clk 00:36:51]} {[%emt 00:02:10]} 36. g4
{[%clk 00:32:39]} {[%emt 00:00:06]} h5 {[%clk 00:34:56]} {[%emt 00:02:26]} 37.
Kg3 {[%clk 00:33:04]} {[%emt 00:00:05]} Rh1 {[%clk 00:35:21]} {[%emt 00:00:05]}
38. f5 {[%clk 00:32:45]} {[%emt 00:00:49]} gxf5 {[%clk 00:31:08]} {[%emt
00:04:43]} 39. gxf5 {[%clk 00:33:08]} {[%emt 00:00:06]} exf5 {[%clk 00:31:15]}
{[%emt 00:00:24]} 40. Kf4 {[%clk 00:33:21]} {[%emt 00:00:16]} Rg1 {[%clk
00:31:06]} {[%emt 00:00:39]} 41. e6 {[%clk 00:31:24]} {[%emt 00:02:27]} Rg6
{[%clk 00:31:32]} {[%emt 00:00:04]} 42. exf7 {[%clk 00:31:33]} {[%emt
00:00:22]} Kxf7 {[%clk 00:31:51]} {[%emt 00:00:11]} 43. Qb7 {[%clk 00:31:38]}
{[%emt 00:00:22]} Be7 {[%clk 00:31:06]} {[%emt 00:01:17]} 44. Qd5 {[%clk
00:31:08]} {[%emt 00:01:00]} Kf8 {[%clk 00:30:32]} {[%emt 00:01:05]} 45. Qa8
{[%clk 00:31:29]} {[%emt 00:00:08]} Kf7 {[%clk 00:30:38]} {[%emt 00:00:25]} 46.
Kxf5 {[%clk 00:31:51]} {[%emt 00:00:08]} Rg5 {[%clk 00:30:44]} {[%emt
00:00:24]} 47. Kf4 {[%clk 00:32:06]} {[%emt 00:00:14]} Rg4 {[%clk 00:30:47]}
{[%emt 00:00:29]} 48. Kf3 {[%clk 00:32:29]} {[%emt 00:00:07]} Rg5 {[%clk
00:31:12]} {[%emt 00:00:05]} 49. Qc8 {[%clk 00:32:19]} {[%emt 00:00:39]} Rc5
{[%clk 00:31:10]} {[%emt 00:00:33]} 50. Qa8 {[%clk 00:31:42]} {[%emt 00:01:07]}
Rg5 {[%clk 00:30:49]} {[%emt 00:00:52]} 51. Qh8 {[%clk 00:30:53]} {[%emt
00:01:18]} Ke6 {[%clk 00:30:16]} {[%emt 00:01:03]} 52. Ke4 {[%clk 00:17:27]}
{[%emt 00:13:56]} Rg4 {[%clk 00:30:20]} {[%emt 00:00:26]} 53. Kd3 {[%clk
00:17:41]} {[%emt 00:00:14]} Rh4 {[%clk 00:30:11]} {[%emt 00:00:40]} 54. Qe8
{[%clk 00:15:55]} {[%emt 00:02:15]} Kd6 {[%clk 00:30:06]} {[%emt 00:00:37]} 55.
Qc8 {[%clk 00:13:44]} {[%emt 00:02:41]} Bf6 {[%clk 00:28:21]} {[%emt 00:02:16]}
56. Qe8 {[%clk 00:09:06]} {[%emt 00:05:02]} Be7 {[%clk 00:28:15]} {[%emt
00:00:42]} 57. Qb8 {[%clk 00:08:49]} {[%emt 00:00:46]} Ke6 {[%clk 00:28:37]}
{[%emt 00:00:09]} 58. Kc2 {[%clk 00:08:51]} {[%emt 00:00:27]} Rg4 {[%clk
00:26:31]} {[%emt 00:02:37]} 59. Kb3 {[%clk 00:08:32]} {[%emt 00:00:46]} Rg5
{[%clk 00:26:53]} {[%emt 00:00:11]} 60. Qf4 {[%clk 00:07:19]} {[%emt 00:01:41]}
Kd7 {[%clk 00:27:07]} {[%emt 00:00:17]} 61. Qd4 {[%clk 00:03:19]} {[%emt
00:04:30]} Ke8 {[%clk 00:26:53]} {[%emt 00:00:45]} 62. Qh8 {[%clk 00:03:03]}
{[%emt 00:00:46]} Kd7 {[%clk 00:27:15]} {[%emt 00:00:07]} 63. Kc4 {[%clk
00:02:31]} {[%emt 00:01:02]} Ke6 {[%emt 00:00:53]} 64. Kd4 {[%emt 00:00:12]}
1/2-1/2

[Event "DVM U12 2022"]
[Site "München GER"]
[Date "2022.12.29"]
[Round "5"]
[White "Glavev, Danail"]
[Black "Büchel, David"]
[Result "1/2-1/2"]
[Termination "normal"]
[Board "4.2"]
[WhiteElo "1435"]
[BlackElo "1611"]
[WhiteClock "00:20:56"]
[BlackClock "00:31:09"]
[WhiteTeam "SK Bad Homburg 1927"]
[BlackTeam "SF München"]
[PlyCount "43"]
[WhiteFideId "34610995"]
[BlackFideId "34603689"]
[EventCountry "GER"]
[EventRounds "7"]
[EventType "team-swiss"]
[EventDate "2022.12.26"]

1. e4 {[%clk 01:30:54]} {[%emt 00:00:06]} c5 {[%clk 01:30:53]} {[%emt
00:00:06]} 2. Nf3 {[%clk 01:31:13]} {[%emt 00:00:11]} d6 {[%clk 01:31:11]}
{[%emt 00:00:12]} 3. d4 {[%clk 01:31:28]} {[%emt 00:00:15]} cxd4 {[%clk
01:31:36]} {[%emt 00:00:06]} 4. Nxd4 {[%clk 01:31:53]} {[%emt 00:00:05]} Nf6
{[%clk 01:31:55]} {[%emt 00:00:10]} 5. Nc3 {[%clk 01:31:49]} {[%emt 00:00:34]}
g6 {[%clk 01:32:17]} {[%emt 00:00:07]} 6. Be3 {[%clk 01:31:03]} {[%emt
00:01:17]} Bg7 {[%clk 01:32:33]} {[%emt 00:00:14]} 7. Bc4 {[%clk 01:29:15]}
{[%emt 00:02:18]} O-O {[%clk 01:32:39]} {[%emt 00:00:24]} 8. f3 {[%clk
01:28:40]} {[%emt 00:01:05]} Nc6 {[%clk 01:32:55]} {[%emt 00:00:13]} 9. Qd2
{[%clk 01:24:54]} {[%emt 00:04:16]} Bd7 {[%clk 01:33:14]} {[%emt 00:00:11]} 10.
Nde2 {[%clk 01:23:17]} {[%emt 00:02:08]} Re8 {[%clk 01:28:58]} {[%emt
00:04:46]} 11. Bh6 {[%clk 01:21:08]} {[%emt 00:02:37]} Bh8 {[%clk 01:28:37]}
{[%emt 00:00:52]} 12. Bg5 {[%clk 00:52:47]} {[%emt 00:28:51]} Ne5 {[%clk
01:10:09]} {[%emt 00:18:59]} 13. Bb3 {[%clk 00:38:17]} {[%emt 00:15:00]} Qa5
{[%clk 01:05:49]} {[%emt 00:04:48]} 14. Bxf6 {[%clk 00:27:59]} {[%emt
00:10:49]} Bxf6 {[%clk 01:04:59]} {[%emt 00:01:20]} 15. Nd5 {[%clk 00:28:22]}
{[%emt 00:00:07]} Bh4 {[%clk 00:46:35]} {[%emt 00:18:53]} 16. Kd1 {[%clk
00:27:04]} {[%emt 00:01:48]} Qxd2 {[%clk 00:42:24]} {[%emt 00:04:42]} 17. Kxd2
{[%clk 00:27:20]} {[%emt 00:00:15]} Rac8 {[%clk 00:42:01]} {[%emt 00:00:51]}
18. f4 {[%clk 00:24:34]} {[%emt 00:03:17]} Nc4 {[%clk 00:40:20]} {[%emt
00:02:11]} 19. Bxc4 {[%clk 00:22:34]} {[%emt 00:02:31]} Rxc4 {[%clk 00:40:30]}
{[%emt 00:00:19]} 20. g3 {[%clk 00:22:26]} {[%emt 00:00:39]} Bf6 {[%clk
00:40:02]} {[%emt 00:00:57]} 21. Nxf6 {[%clk 00:20:38]} {[%emt 00:02:19]} exf6
{[%clk 00:31:09]} {[%emt 00:09:23]} 22. Nc3 {[%clk 00:20:56]} {[%emt 00:00:12]}
1/2-1/2

[Event "DVM U12 2022"]
[Site "München GER"]
[Date "2022.12.29"]
[Round "5"]
[White "Merenda, Lukas-Benedikt"]
[Black "Pflugbeil, Julian"]
[Result "1-0"]
[Termination "normal"]
[Board "4.3"]
[WhiteElo "1502"]
[BlackElo "1214"]
[WhiteClock "01:24:01"]
[BlackClock "01:31:19"]
[WhiteTeam "SF München"]
[BlackTeam "SK Bad Homburg 1927"]
[PlyCount "47"]
[WhiteFideId "34603336"]
[BlackFideId "34608850"]
[EventCountry "GER"]
[EventRounds "7"]
[EventType "team-swiss"]
[EventDate "2022.12.26"]

1. e4 {[%clk 01:30:59]} {[%emt 00:00:01]} c5 {[%clk 01:30:53]} {[%emt
00:00:07]} 2. Nc3 {[%clk 01:31:25]} {[%emt 00:00:04]} d6 {[%clk 01:31:20]}
{[%emt 00:00:03]} 3. d4 {[%clk 01:31:48]} {[%emt 00:00:07]} cxd4 {[%clk
01:31:41]} {[%emt 00:00:10]} 4. Qxd4 {[%clk 01:32:13]} {[%emt 00:00:04]} Nf6
{[%clk 01:32:04]} {[%emt 00:00:05]} 5. b3 {[%clk 01:32:28]} {[%emt 00:00:17]}
g6 {[%clk 01:32:27]} {[%emt 00:00:07]} 6. Bb2 {[%clk 01:32:49]} {[%emt
00:00:09]} Bg7 {[%clk 01:32:53]} {[%emt 00:00:04]} 7. f3 {[%clk 01:32:48]}
{[%emt 00:00:31]} O-O {[%clk 01:32:52]} {[%emt 00:00:30]} 8. Qd2 {[%clk
01:31:46]} {[%emt 00:01:33]} a5 {[%clk 01:32:57]} {[%emt 00:00:25]} 9. a4
{[%clk 01:31:55]} {[%emt 00:00:20]} Qc7 {[%clk 01:32:00]} {[%emt 00:01:26]} 10.
O-O-O {[%clk 01:31:07]} {[%emt 00:01:20]} Be6 {[%clk 01:32:05]} {[%emt
00:00:25]} 11. Nge2 {[%clk 01:27:55]} {[%emt 00:03:41]} Na6 {[%clk 01:29:52]}
{[%emt 00:02:43]} 12. Kb1 {[%clk 01:27:27]} {[%emt 00:00:59]} Nb4 {[%clk
01:29:42]} {[%emt 00:00:40]} 13. Nf4 {[%clk 01:25:41]} {[%emt 00:02:16]} Bh6
{[%clk 01:28:55]} {[%emt 00:01:17]} 14. Nxe6 {[%clk 01:24:54]} {[%emt
00:01:17]} Bxd2 {[%clk 01:29:14]} {[%emt 00:00:12]} 15. Nxc7 {[%clk 01:25:16]}
{[%emt 00:00:07]} Bxc3 {[%clk 01:29:19]} {[%emt 00:00:24]} 16. Bxc3 {[%clk
01:25:39]} {[%emt 00:00:08]} Rac8 {[%clk 01:29:42]} {[%emt 00:00:07]} 17. Bxb4
{[%clk 01:25:41]} {[%emt 00:00:28]} Rxc7 {[%clk 01:30:07]} {[%emt 00:00:05]}
18. Bxa5 {[%clk 01:26:06]} {[%emt 00:00:05]} Rcc8 {[%clk 01:29:45]} {[%emt
00:00:52]} 19. Bd3 {[%clk 01:25:20]} {[%emt 00:01:16]} e5 {[%clk 01:29:58]}
{[%emt 00:00:17]} 20. Bb4 {[%clk 01:25:19]} {[%emt 00:00:31]} Rfd8 {[%clk
01:30:18]} {[%emt 00:00:09]} 21. Kb2 {[%clk 01:24:41]} {[%emt 00:01:09]} d5
{[%clk 01:30:42]} {[%emt 00:00:06]} 22. Be7 {[%clk 01:24:45]} {[%emt 00:00:25]}
dxe4 {[%clk 01:31:07]} {[%emt 00:00:06]} 23. Bxd8 {[%clk 01:23:36]} {[%emt
00:01:39]} exd3 {[%clk 01:31:19]} {[%emt 00:00:18]} 24. Rxd3 {[%clk 01:24:01]}
{[%emt 00:00:05]} 1-0

[Event "DVM U12 2022"]
[Site "München GER"]
[Date "2022.12.29"]
[Round "5"]
[White "Li, Xiao Teng"]
[Black "Weiß, Jonas"]
[Result "1-0"]
[Termination "normal"]
[Board "4.4"]
[WhiteElo "1293"]
[BlackElo "1129"]
[WhiteClock "01:31:01"]
[BlackClock "01:25:22"]
[WhiteTeam "SK Bad Homburg 1927"]
[BlackTeam "SF München"]
[PlyCount "51"]
[WhiteFideId "34611053"]
[BlackFideId "34637168"]
[EventCountry "GER"]
[EventRounds "7"]
[EventType "team-swiss"]
[EventDate "2022.12.26"]

1. e4 {[%clk 01:30:57]} {[%emt 00:00:02]} e5 {[%clk 01:30:55]} {[%emt
00:00:05]} 2. Nf3 {[%clk 01:31:26]} {[%emt 00:00:02]} Nc6 {[%clk 01:31:17]}
{[%emt 00:00:08]} 3. d4 {[%clk 01:31:50]} {[%emt 00:00:06]} exd4 {[%clk
01:31:40]} {[%emt 00:00:07]} 4. Bc4 {[%clk 01:32:11]} {[%emt 00:00:09]} Nf6
{[%clk 01:31:55]} {[%emt 00:00:14]} 5. e5 {[%emt 00:00:10]} d5 {[%clk
01:32:17]} {[%emt 00:00:06]} 6. Bb5 {[%clk 01:33:00]} {[%emt 00:00:04]} Ne4
{[%clk 01:32:27]} {[%emt 00:00:20]} 7. Nxd4 {[%clk 01:33:13]} {[%emt 00:00:17]}
Bd7 {[%clk 01:32:46]} {[%emt 00:00:10]} 8. Nxc6 {[%clk 01:33:20]} {[%emt
00:00:24]} bxc6 {[%clk 01:32:50]} {[%emt 00:00:26]} 9. Bd3 {[%clk 01:33:40]}
{[%emt 00:00:10]} Bf5 {[%clk 01:30:43]} {[%emt 00:02:38]} 10. O-O {[%clk
01:32:00]} {[%emt 00:02:10]} Bc5 {[%clk 01:30:21]} {[%emt 00:00:51]} 11. Be3
{[%clk 01:31:59]} {[%emt 00:00:32]} Bb6 {[%clk 01:29:28]} {[%emt 00:01:23]} 12.
Bxb6 {[%clk 01:29:52]} {[%emt 00:02:38]} cxb6 {[%clk 01:29:45]} {[%emt
00:00:12]} 13. f3 {[%clk 01:30:07]} {[%emt 00:00:15]} Qg5 {[%clk 01:26:36]}
{[%emt 00:03:39]} 14. fxe4 {[%clk 01:29:29]} {[%emt 00:01:08]} dxe4 {[%clk
01:26:03]} {[%emt 00:01:03]} 15. Bc4 {[%clk 01:29:20]} {[%emt 00:00:38]} Bh3
{[%clk 01:25:53]} {[%emt 00:00:40]} 16. Bxf7 {[%clk 01:29:36]} {[%emt
00:00:15]} Kf8 {[%clk 01:25:21]} {[%emt 00:01:01]} 17. Qd6 {[%clk 01:29:58]}
{[%emt 00:00:08]} Qe7 {[%clk 01:25:44]} {[%emt 00:00:06]} 18. Bg6 {[%clk
01:29:50]} {[%emt 00:00:38]} Bf5 {[%clk 01:25:44]} {[%emt 00:00:30]} 19. Rxf5
{[%clk 01:30:12]} {[%emt 00:00:10]} Kg8 {[%clk 01:25:53]} {[%emt 00:00:20]} 20.
Qxe7 {[%clk 01:30:25]} {[%emt 00:00:17]} hxg6 {[%clk 01:26:08]} {[%emt
00:00:15]} 21. Rf7 {[%clk 01:30:42]} {[%emt 00:00:13]} Rh7 {[%clk 01:26:13]}
{[%emt 00:00:24]} 22. Nc3 {[%clk 01:30:41]} {[%emt 00:00:32]} b5 {[%clk
01:25:36]} {[%emt 00:01:06]} 23. Raf1 {[%clk 01:30:20]} {[%emt 00:00:51]} Rh6
{[%clk 01:24:44]} {[%emt 00:01:21]} 24. Rxg7 {[%emt 00:00:15]} Kh8 {[%clk
01:25:05]} {[%emt 00:00:07]} 25. Rf8 {[%clk 01:31:01]} {[%emt 00:00:08]} Rxf8
{[%clk 01:25:22]} {[%emt 00:00:12]} 26. Qxf8# {[%emt 00:00:04]} 1-0